[Event "Sofia m 25'"]
[Site "Sofia"]
[Date "1998.05.02"]
[Round "2"]
[White "Kasparov, Garry"]
[Black "Topalov, Veselin"]
[Result "1-0"]
[WhiteElo "2825"]
[BlackElo "2740"]
[Annotator "Kostakiev,D"]
[PlyCount "77"]
[EventDate "1998.05.02"]
[EventType "match (rapid)"]
[EventRounds "4"]
[EventCountry "BUL"]
[SourceTitle "CBM 065"]
[Source "ChessBase"]
[SourceDate "1998.08.06"]
[SourceVersion "1"]
[SourceVersionDate "1998.08.06"]
[SourceQuality "1"]

1. e4 {King} c5 2. Nf3 d6 3. d4 cxd4 4. Nxd4 Nf6 5. Nc3 a6 6. Be3 Ng4 7. Bg5 h6
8. Bh4 g5 9. Bg3 Bg7 10. Be2 (10. Qd2 $14 {Dobrev,Iv-Mollov,E/tt ch Bg 1994}) (
{King: The idea of playing the knight in to f5 has been tried before - even a
move earlier - though without success:} 10. Nf5 {King} Bxf5 11. exf5 Qa5 12.
Qd3 Nd7 13. Be2 Nc5 14. Qd2 Bxc3 15. Qxc3 Qxc3+ 16. bxc3 Nf6 17. f3 Rc8 $17 {
King: Florean,A-Istratescu,A/ROM-ch Herculane 1996/0-1 (56). Who cares about
the bishops: White's pawns are just a mess.}) 10... h5 {[#] King: Kasparov has
considerable experience with this variation, though normally from the Black
side. Still, he knows his way around well.   11 Bxg4 and 11 h4 are the main
moves now, but Kasparov tries out a little explored side line:} 11. Nf5 (11.
Bxg4 hxg4 (11... Bxg4 12. f3 Bd7 13. Bf2 Nc6 14. O-O (14. Qd2 Ne5 15. b3 $1 {
Anand-Kasparov/Frankfurt/1998/ CBM 65 [Anand]}) 14... e6 15. Nxc6 (15. Nce2 {
0-1 Shirov,A-Kasparov,G/Ciudad de Linares XIV 1997/CBM 57/[Knaak] (18)}) 15...
Bxc6 16. Qd2 Be5 {1-0 Apicella,M-Zhu Chen/Open, Cappelle la Grande FRA 1998})
12. O-O Bxd4 13. Qxd4 f6 {0-1 Shirov,A-Salov,V/Hoogovens, Wijk aan Zee NED
1998 (16)}) (11. h4 Nc6 12. Nxc6 (12. Nb3 gxh4 13. Rxh4 (13. Bxh4 Be6 (13...
Bxc3+ {Rashkovsky,N - 50/275}) 14. Qd2 Qb6 15. Nd5 (15. Bxg4 $2 {Rashkovsky,N})
15... Bxd5 16. exd5 Nce5 17. Qa5 {0-1 Konguveel Ponnuswamy-Rodriguez Amador/It
(open), Ubeda (Spain) 1997}) 13... Be6 14. Qd2 Qb6 15. Nd5 Bxd5 16. exd5 Nce5
17. O-O-O Ng6 {N} 18. Rh3 $140 Bh6 19. f4 Qe3 20. Bxg4 Qxd2+ 21. Nxd2 hxg4 22.
Rh2 $1 $14 {Morozov-.Ninov,N/mem Lascurain cor 1996}) 12... bxc6 13. hxg5 Rb8
14. Qc1 Qa5 15. Kf1 Qb4 $11 {Grodzensky,S-.Ninov,N/mem cor Lascurain 1996 (50)}
) (11. h3 h4 12. hxg4 hxg3 13. Rxh8+ Bxh8 14. fxg3 Nc6 15. Nb3 Be5 16. Qd2 Be6
17. Qc1 {1/2-1/2 Shirov,A-Sadler,M/Oviedo rapid 1992/TD 92\09}) 11... Bxf5 12.
exf5 {King: Kasparov has made a canny choice. It's a dynamic way for White to
play the position and, I would say, perfect for rapid play, especially when
backed up by home preparation. White isn't too worried about his pawn
structure but relies on open lines for his rooks and bishops to exploit the
looseness in Black's position.} Qa5 (12... h4 {King King: is a major
alternative. It is hard to say what is White's best reply:} 13. Bxg4 (13. Bxd6
Nxf2 14. Kxf2 exd6 (14... Qb6+ 15. Kf1 Bxc3 16. bxc3 exd6 17. Rb1 Qc5 18. Bf3
$40) 15. Nd5 Nd7 16. Re1 O-O 17. c3 Nf6 $11) 13... hxg3 14. fxg3 Qa5 (14... Qb6
$5 15. Nd5 Qxb2 16. Rb1 Qe5+ 17. Be2 (17. Kf2 $5 Qd4+ 18. Qxd4 Bxd4+ 19. Ke2)
17... Ra7 18. O-O Nd7 $13) 15. O-O Qb6+ 16. Kh1 Qxb2 17. f6 Qxc3 18. fxg7 Qxg7
19. Rb1 Nc6 20. Rxb7 Ne5 21. Bf5 Rd8 22. h3 Rh6 23. c3 d5 24. Qd4 Rhd6 25. Re1
f6 26. Rc7 Kf8 27. Rb1 Qf7 28. Rbb7 Qe8 29. Kh2 Nc6 30. Qg4 Ne5 31. Qd4 Nc6 32.
Qc5 Ne5 33. g4 Nd7 34. Qa7 Ra8 35. Qd4 Ne5 36. h4 Nc6 37. Qe3 Rad8 38. hxg5
$138 {1-0 Florean,A-Ardeleanu,A/ROM-ch Herculane (6) 1996}) 13. O-O Bxc3 14.
bxc3 {[#]} Qxf5 $6 $146 (14... Nf6 $142 $5 15. Re1 (15. Bf3 $1 d5 (15... h4 $2
16. Bxd6 exd6 17. Bxb7 Ra7 18. Qxd6 Nbd7 19. Rfe1+ Kd8 20. Rad1 $18) (15... Nc6
16. Rb1 (16. Bxd6 $2 O-O-O $19) 16... O-O-O 17. Bxc6 bxc6 18. Qf3 $40) 16. c4
Nbd7 17. Re1 $40) 15... Nc6 16. Bf3 d5 17. c4 (17. Qb1 $5 b5 (17... O-O-O 18.
c4 g4 19. cxd5 Nxd5 20. Bxd5 Qxd5 $13) 18. c4 $1 h4 19. Bd6 Rd8 20. cxd5 Rxd6
21. dxc6 g4 22. Be4 g3 23. Bf3 Rd2 24. Kh1 Rxf2 25. Rf1 Rxf1+ 26. Qxf1 gxh2 27.
Kxh2 Qc7+ 28. Kg1 h3 $15) 17... O-O-O 18. cxd5 Nxd5 $15 19. c4 (19. Qe2) 19...
Ndb4 20. Qb3 h4 21. a3 hxg3 22. axb4 gxf2+ 23. Kxf2 Qxf5 {0-1 Sziebert
Adam-Anka,E/It (open) Balatonbereny (Hungary) 1993} (23... Qxf5 {King} 24. b5
Rd3 25. Qxd3 Qxd3 26. bxc6 Qd4+ 27. Kf1 Qxc4+ 28. Be2 Qf4+ 29. Bf3 g4 30. Re4
Qf6 31. cxb7+ Kb8 {0-1 Sziebert,A-Anka,E/Balatonbereny op 1993})) 15. Rb1 $1
Nd7 (15... Qd7 16. Qd5 Nc6 17. Qxg5 b5 18. c4 Nd4 19. Bd3 $16) 16. Rxb7 Ngf6
17. Re1 Kf8 (17... Kd8 18. Bf3 Rc8 19. Qe2 e5 $132) (17... h4 $2 {King} 18.
Bxd6) (17... O-O $2 {King} 18. Bd3 Qc5 (18... Qd5 19. Rxd7 $18) 19. Rxe7 $18)
18. h3 {King: If Black could coordinate his forces then he would have a fine
game, but he never manages it as Kasparov keeps him busy in defence with his
active rooks and bishops. The opening can be counted as a success for White.}
Re8 (18... g4 19. h4 Qc5 20. Qd4 e5 21. Qc4 $16) 19. Bxa6 h4 20. Bd3 Qd5 21.
Rb5 Nc5 22. Bh2 Rg8 23. Rb4 Nxd3 24. cxd3 Qxa2 25. Rb5 Rg6 (25... g4 26. Bf4
Ra8 27. Bh6+ Ke8 28. Bg5 gxh3 29. Qf3 $16) 26. Rf5 g4 27. hxg4 Nxg4 28. Qf3 {
[#]} (28. Rf4 {King: was also good:} Nxh2 29. Rxh4 Ng4 30. Rxg4 Rxg4 31. Qxg4
Qd2 32. Re3 Qxc3 33. d4) 28... f6 (28... h3 $1 29. Qxh3 Qd2 30. Rb1 Qc2 $11)
29. Rh5 Nxh2 $2 (29... Qd2 $142 30. Rd1 (30. Qe2 Qxe2 31. Rxe2 Rb8 $11) 30...
Nxh2 31. Kxh2 Qxc3 $14) 30. Kxh2 Qd2 31. Re4 $1 $18 Qxc3 32. Rexh4 Rg8 33. Rg4
$1 Qb3 34. Rxg8+ Qxg8 35. Qh3 {[ A la Rety: The Q should be behind the R -
when attaking the oponent's K ]} Qg6 (35... Kg7 36. Rh4 $1 $18) 36. Rh6 Qg5 37.
Rh8+ Kf7 38. Qh7+ Ke6 39. Rxe8 1-0

[Event "Sofia m 25'"]
[Site "Sofia"]
[Date "1998.05.03"]
[Round "3"]
[White "Topalov, Veselin"]
[Black "Kasparov, Garry"]
[Result "0-1"]
[WhiteElo "2740"]
[BlackElo "2825"]
[Annotator "Donev,I"]
[PlyCount "94"]
[EventDate "1998.05.02"]
[EventType "match (rapid)"]
[EventRounds "4"]
[EventCountry "BUL"]
[SourceTitle "CBM 065"]
[Source "ChessBase"]
[SourceDate "1998.08.06"]
[SourceVersion "1"]
[SourceVersionDate "1998.08.06"]
[SourceQuality "1"]

1. Nf3 {King Kostakiev,D} d5 2. d4 Nf6 3. c4 e6 4. Nc3 Be7 5. Bg5 O-O 6. e3 h6
7. Bh4 b6 8. Be2 Bb7 (8... Nbd7 $5 {Kostakiev,D} 9. cxd5 exd5 10. O-O {0-1
Topalov-Kasparov/rapid m (1) Sofia}) 9. Bxf6 Bxf6 10. cxd5 exd5 11. b4 c5 12.
bxc5 bxc5 13. Rb1 Bc6 14. O-O Nd7 15. Bb5 {[#]} Qc7 (15... Bxb5 {Kostakiev,D 1/
2-1/2 Wehmeier Stefan-Matthias Heiner/It (cat.7), Lippstadt (Germany) 1997 (19)
}) 16. Qd3 Rfc8 (16... Rfd8 {Kostakiev,D 1-0 Vaganian,R-Georgiev,K/President's
Cup, Elista RUS (2.3) 1998 (24)}) 17. h3 {King: Novelty, though this is hardly
going to change the assessment of the opening. Kasparov is no stranger to this
variation. It has been the subject of discussion in several of his world
championship games with Karpov.} (17. Rfc1 {Kostakiev,D: Khalifman,A} Rab8 (
17... Bxb5 18. Nxb5 Qc6) 18. h3 c4 {N} (18... g6 $2 19. Bxc6 {1/2-1/2 Kasparov,
G-Karpov,A/Sevilla (m/18) 1987 (26)} (19. Bxc6 {King} Rxb1 (19... Qxc6 $2 20.
Rxb8 Rxb8 21. dxc5 Bxc3 22. Rxc3 $1 Nxc5 23. Qc2 Rc8 24. Nd4 $18) 20. Qxb1 $1 (
20. Nxb1 $2 Qxc6 21. dxc5 Nxc5 22. Qa3 Qb7 $1 $10) 20... Qxc6 21. dxc5 Qxc5 (
21... Nxc5 22. Ne2 Qa8 23. Nf4 $16 {>< d5}) 22. Ne2 Qf8 23. h4 $2 (23. Qb7 $2
Rxc1+ 24. Nxc1 Qa3 $1 $13) (23. Nf4 Nb6 24. h4 $1 h5 25. Rxc8 Qxc8 26. Nxg6 $1
fxg6 27. Qxg6+ Bg7 28. Ng5 Qd7 29. Qxh5 d4 30. exd4 Nd5 31. Qh7+ Kf8 32. Qg6
$16) 23... Ne5 $1 24. Nxe5 Bxe5 25. Rd1 (25. h5 $5 Rxc1+ 26. Nxc1 Qb8 $5 27.
Qd3 Qb2 28. Nb3 Qc3 $10) 25... Qc5 26. h5 Qc2 $1 27. Qxc2 Rxc2 28. Rxd5 Rxe2 (
28... Bc7 $6 29. Kf1 Rxa2 30. g3 Ra5 31. Rd7 $14) 29. Rxe5 Rxa2 30. hxg6 fxg6 {
R 7/i} 31. Re7 a5 32. Ra7 a4 33. g3 h5 34. Kg2 a3 35. e4 g5 $1 36. Kf3 g4+ 37.
Ke3 Ra1 38. Kf4 Rf1 39. Kg5 Rxf2 40. Kxh5 Re2 {1/2-1/2 Kasparov,G-Karpov,A/
Wch34-KK4 1987})) (18... g6 $2 {D.K. 1/2-1/2 Kasparov,G-Karpov,A/Wch34-KK4
Sevilla 1987/MAINB}) (18... cxd4 19. Nxd5 (19. Nxd5 Bxb5 20. Rxc7 Bxd3 21. Rxb8
Rxb8 22. Rxd7 dxe3 23. Nxf6+ gxf6 24. fxe3 Be4 25. Rxa7 $14)) 19. Qc2 (19. Qf5
g6) 19... Bxb5 (19... Ba8 $1 $13) (19... Ba8 $1 $13) 20. Nxb5 Qa5 {1-0
Khalifman,A-Chandler,M/Deutschland 1995/Inf 62/[Khalifman,A]}) (17. Rfd1 {
Kostakiev,D 1/2-1/2 Eingorn,V-Lputian,S/Sochi (Russia) 1985 (24)}) (17. Qf5 {
Kostakiev,D D.K.} g6 $11) 17... cxd4 18. Nxd4 {Kasparov kennt dieser Art
Stellungen sehr gut, weil er in mehrerer seiner Match Partien gegen Karpov
diese Varianten mehrmals gespielt hat. Als Kompensation für den Isolani d5 hat
der Nachziehende das Läuferpaar.} Bb7 19. Rfc1 Nc5 (19... Rab8 {Kostakiev,D}) (
19... Ne5 {Kostakiev,D}) 20. Qd1 (20. Qf5 $5 {Kostakiev,D}) 20... Qe7 21. Qg4
g6 {[#]} 22. Bf1 (22. Nf5 {Kostakiev,D} Qe6 23. Nxh6+ Kg7 (23... Kh7 24. Qxe6
Nxe6 25. Nxf7) (23... Kg7 {King} 24. Qxe6 Nxe6 $17)) 22... Bg7 23. Qd1 (23. Rc2
{Kostakiev,D}) 23... Rab8 24. Rc2 (24. Qg4 {Kostakiev,D}) 24... Ba8 25. Rbc1
Rd8 (25... Qf8 {Kostakiev,D} 26. Ncb5 $14) 26. g3 (26. Ncb5 {Kostakiev,D} Rbc8
27. Qg4 h5 28. Qd1 a6 29. Nc3 Bb7 30. Bd3 $14) (26. Nce2 {Kostakiev,D} Ne4 27.
Nf4 (27. Rc7 Rd7 28. R7c2) 27... Rb4) 26... Bxd4 {King: Often the great
advantage of having a bishop is that you can choose the right moment to
exchange it off for a knight. Like here. If you would like another example of
Kasparov using this very exchange then I would refer you to
Magerramov-Kasparov in the database list after this game.  White must
recapture with the pawn:} 27. exd4 (27. Qxd4 $2 {King} Ne6 28. Qd3 d4 {[%cal
Ra8h1]}) 27... Ne6 {King: Although the pawn structures are completely
symmetrical, Black's pieces are the better placed: the knight on e6 attacks
the d4 pawn, and it is about to get some help from the queen once it gets to
f6 and a rook on b4. On the other hand it is difficult for White to build
similar pressure against Black's d-pawn. Black's bishop on a8, although not
the most active piece, is doing a good job defending the d5 pawn.} 28. h4 (28.
Bg2 {Kostakiev,D} Qg5 29. Ne2 Re8 30. Qd3 Bb7 31. f4 Qf6 $14) 28... Qf6 29. Ne2
Rb4 {King: Kasparov likes to go forward, though this entails some risk. It was
possible to proceed more circumspectly, for instance:} (29... Bb7 {King} 30.
Qd3 $5 {preventing Ba6.} (30. Bg2 $2 Ba6 31. Nc3 Bc4 $15) (30. Bh3 $2 Ba6 31.
Bxe6 Qxe6 32. Nf4 Qe4 $36) 30... Rd6 {threatening ...Ba6 again} 31. Qa3 Ra6 32.
Qe3 Kg7 {Black re-coordinates with ...Rb6 and ...Ba6, and he might just have
an edge.}) 30. Rc8 Bb7 31. Rxd8+ Nxd8 (31... Qxd8 $1 {Kostakiev,D} 32. Qd2 Qb6
33. Qxh6 Nxd4 34. Nxd4 Rxd4 35. Bg2 $14) 32. Qd2 Ra4 33. Qxh6 Rxa2 34. Qe3 {[#]
} (34. Qf4 {Kostakiev,D} Qxf4 35. Nxf4 $14) 34... Ne6 (34... Kg7 $5 {Kostakiev,
D} 35. Nf4 Ra4 36. Rd1 Rb4 37. Bg2 Qf5 38. Qe8) (34... Rb2 {Kostakiev,D D.K.}
35. Nf4 Rb4 36. Rc7 $16) 35. Rb1 (35. Qb3 $5 Rxe2 36. Bxe2 Nxd4 37. Qe3 $16 (
37. Qd3 $16 {Kostakiev,D})) 35... Bc6 36. Qh6 (36. Rc1 {Kostakiev,D} Bd7 37.
Bg2 Ra5 38. Rb1 $14) 36... Qd8 (36... Nf8 {Kostakiev,D D.K.} 37. Qc1 Ra4 38.
Rb8 Kg7 39. h5 Nd7 40. Rc8 Bb7 41. Re8 $16) 37. Qe3 Qf6 38. Qb3 Rd2 {King: The
lad's just a bit too eager. With the time ticking down you just have to keep
going forward, but it gives Topalov a great opportunity.} (38... Ra4 $11 {
Kostakiev,D}) (38... Ra4 {King would have kept the balance.}) 39. Qe3 $2 (39.
Qc3 $1 {[%cal Yc3c6,Yc3d2]} Nxd4 {, but White can win with the
counter-intuitive} 40. Kg2 $1 {(well done Fritz) when White must lose material;
e.g. Weiß kann seine hängenden Figuren nicht ohne Materialverlust retten.} (40.
Rb8+ {Kostakiev,D}) 40... Qf5 (40... Rxe2 41. Bxe2 Kg7 42. h5 $5 $18) 41. Qxd2
Qe4+ 42. f3 $1 Qxf3+ 43. Kg1 $19 (43. Kg1 {King} Nxe2+ 44. Qxe2 Qxg3+ 45. Bg2
d4 46. Ra1 $18)) 39... Nxd4 $1 {[#]} 40. Nf4 (40. Kg2 Nxe2 41. Qxd2 d4+ 42. Kh3
Qf5+ 43. g4 Qf3+ 44. Kh2 Qxf2+ 45. Bg2 Qxg2#) (40. Nxd4 $1 {Kostakiev,D D.K.}
Rxd4 $140 (40... Qxd4 41. Rc1 Ba4 42. Rc7 Qxe3 43. fxe3 a5 44. Rc5 Bc2 45. Rxa5
$11) 41. Qh6 Be8 42. h5 Qf5 43. hxg6 Qxg6 44. Qxg6+ fxg6 45. Rb8 Kf7 46. Rb7+
Kf6 47. Rxa7 $11) 40... Qe5 $1 41. Qa3 (41. Bg2 {Kostakiev,D} Qxe3 42. fxe3 Nf5
) 41... Kg7 (41... Qe4 $1 {Kostakiev,D}) 42. Rc1 Bb5 43. Rc8 {[#]} (43. Bg2
Ne2+ 44. Nxe2 Qxe2 45. Qxa7 d4 46. Rf1 $17) 43... Be8 {King: Too many checks
to calculate and not enough time. Kasparov makes an intuitive decision to cut
out counter-play before resuming the attack.} ({Wahrscheinlich nach} 43... Rd1
$5 {bekommt Schwarz grossen Vorteil:} 44. Rc1 (44. Qf8+ Kf6 (44... Kf6 {
Kostakiev,D} 45. Qd8+ Kf5 46. Qg5+ Ke4 $19 (46... Ke4 {King} 47. Qg4 Nf3+)))
44... Qe1) 44. Qc3 (44. Qxa7 Qe3 $3 45. fxe3 Nf3+ 46. Kh1 Rh2#) (44. Rc1 $15 {
Kostakiev,D}) 44... Bd7 $2 {King: This mistake was less forgiveable, even if
he was very short of time: Der Weltmeister ,,vergisst,, das Gabelmotiv auf f3,
welches ihm eben noch gute Dienste geleistet hat.} ({Das logische Ende war:} 
44... Rc2 $1 45. Rxe8 Rxc3 46. Rxe5 Nf3+ $19 {[%cal Yf3g1,Yf3e5]}) 45. Rd8 Rd1
$4 {Und nun lässt er gar ausser Acht, dass der Springer f4 das Feld e2 deckt!}
(45... Bb5 $1 46. Bxb5 (46. Rxd5 $2 {King} Qe1 $19) (46. Qa3 Rd1 47. Qf8+ Kh7
48. Qxf7+ Qg7 49. Qxg7+ Kxg7 50. Rxd5 Nf3+ (50... Rxf1+ 51. Kg2 Rd1 52. Rxd4)
51. Kg2 Nxh4+ 52. Kh3 Bxf1+ 53. Kxh4 Rxd5 54. Nxd5 a5 (54... Kf7) 55. Kg5 (55.
Nc3 Kf6) 55... a4 56. f4 a3 57. Nc3 Kf7 58. f5 gxf5 59. Kxf5 Ke7 60. Ke5 $11)
46... Qe1+ 47. Kh2 Rxf2+ $19) 46. Rxd7 Qe4 {[#] Der letzte, durchsichtige
Versuch...} 47. Rxd5 $4 {King: Topalov makes the final big blunder so Kasparov
goes out with a bang: Oh weh! So ein Geschenk. In starker Zeitnot macht
Topalov den letzten Fehler. Die schwarze Drohung war auf verschiedene Arten
abzuwehren.} (47. f3 Qxf3 (47... Qb1 {King} 48. Kg2 Qc2+ 49. Qxc2 Nxc2 50. Kf2
$18) 48. Qxf3 Nxf3+ 49. Kf2 $18) (47. Kh2 $1 {Kostakiev,D} Rxf1 48. Qxd4+ Qxd4
49. Ne6+ Kf6 50. Nxd4 $18 Rxf2+ 51. Kh3 a5 52. Rxd5 $18) 47... Rxf1+ $1 {
Hinlenkung nebst Matt auf h1.} 0-1

[Event "Sofia m 25'"]
[Site "Sofia"]
[Date "1998.05.03"]
[Round "4"]
[White "Kasparov, Garry"]
[Black "Topalov, Veselin"]
[Result "1-0"]
[WhiteElo "2825"]
[BlackElo "2740"]
[Annotator "Kostakiev,D"]
[PlyCount "73"]
[EventDate "1998.05.02"]
[EventType "match (rapid)"]
[EventRounds "4"]
[EventCountry "BUL"]
[SourceTitle "CBM 065"]
[Source "ChessBase"]
[SourceDate "1998.08.06"]
[SourceVersion "1"]
[SourceVersionDate "1998.08.06"]
[SourceQuality "1"]

1. e4 c5 2. Nf3 e6 ({A Dracon's early b7-b5 for comparaison with the text:} 
2... d6 3. d4 cxd4 4. Nxd4 Nf6 5. Nc3 a6 6. Be2 b5 7. f4 $146 g6 8. e5 Ng8 9.
O-O dxe5 10. fxe5 Bg7 11. Be3 Qc7 $5 12. Ndxb5 $5 $14 {Kostakiev,D-Ivanov,Ivan/
ch Bg cor 1997-1998}) 3. d4 cxd4 4. Nxd4 a6 5. Nc3 Qc7 6. Be2 b5 {[#]} 7. O-O (
7. a3 d6 8. f4 Bb7 9. Bf3 Nd7 10. O-O Ngf6 11. Kh1 Be7 12. Qe1 O-O {1/2-1/2
Savova-Dgingarova/ 1995 (19)}) (7. Be3 Bb7 8. a3 (8. Bf3 {1/2-1/2 Golod,
V-Miladinovic,I/Lvov-Belgrade 1993/EXP 38 (20)}) (8. f3 {1-0 Sulliman,O-Moraza,
M/Dubai olm 1986/TD 86\02 (17)}) 8... Nf6 {0-1 Vranesic,Z-Ivkov,B/Amsterdam
izt 1964/IZT (18)}) (7. f4 b4 $15) 7... b4 $1 $15 {[#]} (7... Nc6 {1-0
Zagrebelny Sergey-Gokhale C S/It (open), Calcutta (India) 1997 (12)}) (7... Bb7
8. Bf3 (8. Re1 Nc6 9. Nxc6 (9. Bf1 {Oll,L} b4 $6 $146 10. Nd5 $1 Qd8 11. Bf4
Rc8 12. Nxc6 Rxc6 13. Qd2 Nf6 14. Rad1 Bc5 15. Nxb4 Rc8 16. Bg5 a5 {+/- Oll,
L-Movsesian,S/Polanica Zdroj 1996/Inf 67/[Oll,L]} (16... a5 {Oll,L} 17. Nd3 Be7
18. Ne5 $16)) 9... dxc6 10. e5 Ne7 (10... Bb4 $1 {N} 11. Bd2 Rd8 12. a4 Bxc3
13. bxc3 Ne7 14. Bd3 Ng6 15. Qg4 O-O 16. axb5 cxb5 17. c4 h5 18. Qg3 Rd7 {
-/+ Dimitrov,V-Cvitan,O/Haifa 1989/Inf 48}) 11. Bd3 Rd8 (11... O-O-O 12. a4 c5
13. axb5 c4 14. bxa6 Bc6 15. Nb5 Bxb5 16. a7 Kb7 {0-1 Marciano,D-Korneev,O/It 
(open) Ubeda (Spain) 1996}) 12. Qe2 c5 13. Bg5 (13. Bf4 Ng6 14. Bg3 Be7 15. a4
{1/2-1/2 Mariotti,S-Cebalo,M/Zt (cat.6) Budva (Yugoslavia) 1981}) 13... h6 14.
Qh5 Rd4 15. Be3 Rd7 16. Bf4 c4 17. Be4 b4 18. Nd1 Nd5 19. Bg3 Bc5 20. c3 O-O {
0-1 Dimitrov,V-Vyzhmanavin,A/Burgas 1993}) 8... Nc6 (8... d6 9. Re1 Nd7 10. a4
bxa4 {0-1 Simeonov,S-Kurtenkov,A/Bankya tt ch Bg 1991 (18)}) 9. Nxc6 (9. a4 b4
10. Nxc6 dxc6 $1 {N} (10... bxc3 {- 44/(202)}) 11. Nb1 Nf6 12. Nd2 a5 $11 {
= Paglietti,N-Gheorghiu,F/Biel (open) 1989/Inf 48}) 9... Bxc6 (9... dxc6 10. a4
(10. e5 Qxe5 11. Re1 Qd6 {1-0 DOBREV,I-SPASOV,L/tt - ch Bg Varna 1995/
[kostakiev,d] (19)}) 10... Nf6 11. Qe2 e5 12. Bg5 {1/2-1/2 Hansen Sune
Berg-Perdomo Carlos Andres/It (open), Ubeda (Spain) 1997}) 10. Nd5 Bxd5 11.
exd5 Rc8 {1-0 Barua Dibyendu-Bischoff Klaus/It (open), Calcutta (India) 1997 
(16)}) 8. Na4 Bb7 9. c3 {[#]} (9. Bf3 $11) 9... Nf6 $6 (9... Bxe4 $5 10. cxb4
$140 Bxb4 11. Be3 Nc6 12. f3 Bd5 13. Nxc6 Bxc6 14. Nb6 Rb8 15. Nc4 d5 $17) 10.
cxb4 Bxb4 (10... e5 $5 11. Nf3 (11. Nf5 Bxe4) 11... Bxb4 $6) 11. Be3 (11. f3 d5
12. Bg5 Bd6 $15) 11... O-O (11... Nxe4 $6 12. Rc1 Nc6 13. Rc4 Be7 14. Nxe6 dxe6
15. Rxe4 Bd6 16. f4 Rd8 $14) (11... Bxe4 $142 $1 12. Rc1 Nc6 $17) 12. Rc1 Nc6
13. Qd3 Qa5 14. Nc5 Ne5 15. Qb1 Bxc5 16. Nb3 {[#]} Qc7 (16... Bxe4 $5 17. Qa1 (
17. Nxa5 $6 Bxb1 18. Rxc5 (18. Bxc5 Rfc8 $15) 18... Bd3 $1 $17) 17... Qc7 $15)
17. Rxc5 Qb8 18. f3 d5 19. Na5 Rc8 (19... Nfd7 20. Rc3 $16) 20. b4 Nc6 $6 (
20... Ned7 $142 21. Rxc8+ (21. Nxb7 Qxb7 $132) 21... Bxc8 (21... Qxc8 22. Rc1
Qb8 23. exd5 Nxd5 24. Qe4 N7f6 25. Qd4 $11) 22. Rd1 Bb7 23. Nxb7 $14) 21. Nxb7
Qxb7 22. Rfc1 dxe4 23. fxe4 Nd7 24. R5c3 Nde5 (24... Nce5 25. a3 Rxc3 26. Rxc3
Rd8 27. Qc2 Nf6 28. Bd4 $16) 25. a4 Rd8 26. b5 axb5 27. Qxb5 Qxb5 28. axb5 Nb4
29. Rb1 Ra2 30. Bf1 Rc2 31. Rxc2 Nxc2 32. Bc5 $18 {[^^+ passed Pb5 >>NN]} Nd4 (
32... f5 33. exf5 Rd5 34. Ba7 $18) 33. b6 Ndc6 34. b7 h5 (34... Nd7 35. Bd6
Ndb8 36. Bc7 Rd7 37. Bxb8 Nxb8 38. Rc1 $18) 35. Bb6 Rd2 36. Ba5 Rd4 37. Bc3 1-0

[Event "Hoogovens"]
[Site "Wijk aan Zee"]
[Date "1999.01.23"]
[Round "6"]
[White "Yermolinsky, Alex"]
[Black "Topalov, Veselin"]
[Result "1-0"]
[WhiteElo "2597"]
[BlackElo "2700"]
[Annotator "Huzman,A"]
[PlyCount "93"]
[EventDate "1999.01.16"]
[EventType "tourn"]
[EventRounds "13"]
[EventCountry "NED"]
[EventCategory "17"]
[SourceTitle "CBM 069"]
[Source "ChessBase"]
[SourceDate "1999.04.01"]
[SourceVersion "1"]
[SourceVersionDate "1999.04.01"]
[SourceQuality "1"]

1. Nf3 Nf6 2. c4 g6 3. Nc3 Bg7 4. e4 d6 5. d4 O-O 6. Be2 e5 7. O-O Nc6 8. d5
Ne7 9. Bg5 Nh5 10. Ne1 Nf4 11. Nd3 Nxe2+ 12. Qxe2 h6 13. Bd2 f5 14. f4 exf4 (
14... fxe4 15. Nxe4 Nf5 16. Bc3 Nd4 17. Qd2 Qh4 18. Ng3 Bf5 19. fxe5 dxe5 20.
Rae1 Rae8 21. Nxf5 Rxf5 22. Rxf5 Nxf5 23. Nf4 Nd6 24. Ne6 $16 {time. 1-0
Savchenko,S-Degerman,L/Gausdal 1993/TD 93\09 (39)}) 15. Nxf4 g5 16. Ne6 Bxe6
17. dxe6 f4 18. g3 fxg3 $2 (18... Ng6 19. gxf4 (19. Nd5 c6 20. e7 Nxe7 21.
Nxe7+ Qxe7 22. gxf4 Bxb2 $17) 19... Bxc3 20. bxc3 gxf4 21. Kh1 (21. Rab1 b6 22.
Rb5 c5) 21... Qf6 22. Rg1 Kh7 23. Qg4 Rae8 24. Rab1 b6 25. Rbe1 Qxe6 $19 {
0-1 Blees,A-Klarenbeek,H/Heraklio 1993/TD 93\09 (29)}) 19. hxg3 Ng6 (19... Qc8
20. Rxf8+ (20. Nd5 $2 Qxe6 21. Nxc7 Qh3 $17) 20... Qxf8 21. Rf1 Qc8 22. Nd5 $16
) 20. Nd5 c6 (20... Bxb2 21. Rxf8+ Qxf8 22. Rf1 Bd4+ 23. Kg2 Qg7 24. Rf7 $16)
21. Qh5 $1 (21. Rxf8+ Bxf8 (21... Qxf8 22. Rf1 Qd8 23. Qh5 Kh7 24. e7 Nxe7 25.
Nf6+ Kh8 26. Bxg5 $40) 22. Qh5 (22. Ne3 Qf6 $17) 22... Ne5 23. Ne3 (23. e7 Bxe7
24. Nxe7+ Qxe7 25. Qxh6 Nf3+ $19) 23... Qe8 $17) 21... cxd5 (21... Kh7 22. Rxf8
Bxf8 23. e7 $1 Bxe7 (23... Nxe7 24. Qf7+ $18) 24. Rf1 $18) 22. Qxg6 Qb6+ (22...
dxe4 23. Rxf8+ Qxf8 24. Rf1 $18) 23. Kh1 Qxb2 24. e7 $1 (24. cxd5 Rf6 $1 25.
Qh5 Raf8 26. Rfe1 Qe5 $40 {[%csl Rh1]}) 24... Rfe8 25. Bxg5 $1 hxg5 26. Qf7+
Kh8 27. Rae1 $1 (27. Qh5+ Kg8 28. Qf7+ $11) 27... dxc4 (27... Qc3 28. Re2 {
[%cal Ge2h2]} Qxg3 29. Rh2+ Qxh2+ 30. Kxh2 $18) 28. Qh5+ Kg8 29. Re2 Qxe2 30.
Qxe2 Rxe7 31. Qxc4+ $16 Kh7 32. Qd5 Rae8 33. Rf7 $1 Rxf7 $2 (33... Kg6 $1 34.
Rxe7 (34. Qf5+ Kh6) (34. Rf5 Be5) 34... Rxe7 35. Qxd6+ Bf6 $14 {+/-}) 34. Qxf7
Re5 35. Qxb7 Ra5 36. Qb3 Be5 (36... Re5 $142 37. Qd3 (37. Qa3 Rxe4 38. Qxa7 $16
) 37... Bf8 38. Kg2 a5 39. Kf3 Be7 $16) 37. g4 Bf4 38. a4 $1 $18 {[%csl Ra7]
[%cal Gb3b4]} Kg6 39. Qg8+ Kh6 40. Qd8 $1 Rc5 (40... Ra6 41. a5 {[%csl Ra6]}
Bd2 $140 42. Qf6+ Kh7 43. Qb2 $18) 41. Qf6+ Kh7 42. Qf7+ Kh6 43. Qxa7 Kg6 44.
a5 Kf6 45. a6 Rc1+ 46. Kg2 Rc2+ 47. Kf3 1-0